| 000 | 01068nam a22002177a 4500 | ||
|---|---|---|---|
| 005 | 20240517114506.0 | ||
| 010 | _aHIN-127475 | ||
| 020 |
_c350.00 _a9789393647153 |
||
| 035 | _aHN-99821 | ||
| 037 | _bDBAD | ||
| 082 | _a666.1 | ||
| 100 |
_aशुक्ल, अनिल कुमार _966307 |
||
| 245 |
_aकाँच की कहानी/ _cअनिल कुमार शुक्ल, भूपेश कुमार त्रिपाठी एवं अंकिता शुक्ला |
||
| 250 | _aप्रथम | ||
| 260 |
_aप्रयागराज _bफ़र्स्ट प्रिन्ट पब्लिकेशन _c2023 |
||
| 270 |
_a164/3/50 टैगोर टाउन, _bप्रयागराज _e211002 |
||
| 300 |
_a164पृ. _c22सेमी.(सजिल्द) _bसचित्र |
||
| 650 |
_aहिन्दी _966308 |
||
| 700 |
_aत्रिपाठी, भूपेश कुमार एवं शुक्ला, अंकिता _965495 |
||
| 942 |
_2ddc _cHN _h666.1 _mशुक्लअ |
||
| 999 |
_c202565 _d202565 |
||